000 00740nam a2200205 a 4500
003 0
005 20250508145952.0
008 021107s19uu xx 00 eng d
050 _aPGS HB 615
_b.C117 2002
100 _aCabuay, Moses Jordan B.
245 _aEntrepreneurship among the parents of the grade six students of Southville International School /
_cMoses Jordan B. Cabuay.
260 _aLas PiƱas City, Philippines :
_bSouthville International School and Colleges,
_c2002.
300 _a19 pages :
_billustrations ;
_c28 cm.
504 _aIncludes bibliographical references.
650 _aEntrepreneurship.
650 _aParents
_vOccupations.
650 _aSelf-employed.
650 _aSmall business.
942 _2lcc
_cPASS
999 _c96590
_d96590